000 00250nam a2200109Ia 4500
008 220204s9999 xx 000 0 und d
082 _a82-3
_bSMI
100 _aSmith, Wilbur
245 0 _aEagle in the sky
260 _aLondon
_bPan
_c1976
942 _cBK
999 _c33856
_d33856